000 02507cam a2200493 i 4500
999 _c41522
_d41522
001 20063149
003 OSt
005 20220919131810.0
008 171013s2019 maua b 001 0 eng d
010 _a 2017957886
020 _a9781337407816
_q(student edition with online ISBN)
020 _a133740781X
_q(student edition with online ISBN)
020 _a9781337407830
_q(student edition)
020 _a1337407836
_q(student edition)
035 _a(OCoLC)on1002830745
040 _aBTCTA
_beng
_cBTCTA
_erda
_dYDX
_dOCLCQ
_dUAB
_dOCLCF
_dCTX
_dOCLCO
_dDLC
042 _alccopycat
050 0 0 _aHD58.7
_b.N445 2019
082 0 4 _a658.3
_223
_bNEL/O
100 1 _aNelson, Debra L.,
_d1956-
_eauthor.
_99096
245 1 0 _aORGB6 :
_borganizational behavior /
_cDebra L. Nelson and James Campbell Quick.
246 1 _iAt head of title :
_aNelson + Quick
246 3 _aORGB 6
246 3 _aORGB
246 3 _aORGB six
250 _aStudent edition.
250 _a6.
264 1 _aBoston, MA :
_bCengage Learning
_c[2019]
300 _avii, 378 pages :
_billustrations (some color) ;
_c28 cm
336 _atext
_btxt
_2rdacontent
337 _aunmediated
_bn
_2rdamedia
338 _avolume
_bnc
_2rdacarrier
500 _aCover title.
500 _aCover title is recorded as a mathematical expression, ORGB to the sixth power. According to publisher's website, the number 6 represents the edition.
500 _aAuthors listed on verso of first page illustration, with publication information.
500 _aDate from publisher's website.
500 _aIncludes eighteen numbered pages of chapter review at end of book.
504 _aIncludes bibliographical references (pages 329-362) and index.
505 0 _aOrganizational behaviour and opportunity -- Challenges for managers -- Personality, perception, and attribution -- Attitudes, emotions, and ethics -- Motivation at work -- Learning and performance management -- Stress and well-being at work -- Communication -- Work teams and groups -- Decision making by individuals and groups -- Power and political behaviour -- Leadership and followership -- Conflict and negotiation -- Jobs and the design of work -- Organizational design and structure -- Organizational culture -- Career management -- Managing change.
650 0 _aOrganizational behavior.
650 7 _aOrganizational behavior.
_2fast
_0(OCoLC)fst01047801
700 1 _aQuick, James C.
_eauthor.
_99097
942 _2ddc
_cBK
_h658
_iNEL/O
_k658
_mNEL/O